000 02838nam0a2200385 i 4500
001 RU\NLR\BIBL_A\010813075
005 20260409074835.0
010 _a9785998405549
_986
021 _aRU
_b2015-47250
_92811
035 _a(NILC)RuMoRGB-007963528
035 _a(NLR Aleph) 010813075
090 _a10211445
_c10211445
100 _a20150804d2014 km y0rusy50 ca
101 0 _arus
102 _aRU
105 _aa|||z||||11yy
200 1 _aАктуальные вопросы физического воспитания и спортивной тренировки
_eматериалы Международной научно-практической конференции, посвященной 50-летию Кафедры физического воспитания и спорта ВлГУ, 13-14 декабря 2014 г., г. Суздаль
_f[редкол.: Е. А. Репникова, к. п. н., доц. (отв. ред.) и др.]
210 _aВладимир
_cВлГУ
_d2014
215 _a371 с.
_cил.
_d21
300 _aВ надзаг.: Евраз. ассоц. ун-тов, Координац. науч.-метод. центр кафедр физ. воспитания ун-тов, Федер. гос. бюджет. общеобразоват. учреждение высш. проф. образования "Владим. гос. ун-т им. Александра Григорьевича и Николая Григорьевича Столетовых", Ин-т физ. культуры и спорта
320 _aБиблиогр. в конце ст.
601 0 2 _aВладимирский государственный университет им. А. Г. и Н. Г. Столетовых
_bКафедра физического воспитания и спорта
_jСъезды, совещания и т.п
_92255677
_3RU\NLR\AUTH\6601582974
606 1 _aУчащиеся
_jСъезды, совещания и т.п
_xФизическое воспитание
_92464616
_3RU\NLR\AUTH\661464227
606 _aФизическая культура и спорт
_jСъезды, совещания и т.п
_yРоссийская Федерация
_92226800
_3RU\NLR\AUTH\661336760
686 1 _aЧ489.534(2Р)7
686 1 _aЧ313.54я431
686 1 _aЧ514(2Р)я431
702 1 _aРепникова
_bЕ. А.
_gЕлена Александровна
_4340
712 0 2 _4570
_aВладимирский государственный университет им. А. Г. и Н. Г. Столетовых
_bИнститут физической культуры и спорта
_9478043
_3RU\NLR\AUTH\880405697
801 0 _aRU
_bРГБ
_c20150626
_gRCR
942 _cBOOK
980 _aNBR